Guide to operating systems security / (Record no. 771)

MARC details
000 -LEADER
fixed length control field 00580nac a22001691u 4500
020 ## - INTERNATIONAL STANDARD BOOK NUMBER
International Standard Book Number 9812548726
082 ## - DEWEY DECIMAL CLASSIFICATION NUMBER
Classification number 005.8
Item number P1731
090 ## - LOCALLY ASSIGNED LC-TYPE CALL NUMBER (OCLC); LOCAL CALL NUMBER (OCLC)
-- 771
-- 771
100 ## - MAIN ENTRY--PERSONAL NAME
Personal name Palmer, Michael
245 ## - TITLE STATEMENT
Title Guide to operating systems security /
Statement of responsibility, etc Michael Palmer.
260 ## - PUBLICATION, DISTRIBUTION, ETC. (IMPRINT)
Place of publication, distribution, etc Australia :
Name of publisher, distributor, etc Thomson Learning;
Date of publication, distribution, etc 2004.
300 ## - PHYSICAL DESCRIPTION
Extent 618 p. :
Other physical details ill. ;
Dimensions 24 cm.
500 ## - GENERAL NOTE
General note Includes index.
650 ## - SUBJECT ADDED ENTRY--TOPICAL TERM
Topical term or geographic name as entry element Computer security.
942 ## - ADDED ENTRY ELEMENTS (KOHA)
Item type Book - Borrowing
Call number prefix 005.8P1731
Holdings
Withdrawn status Item status Materials specified (bound volume or other part) Damaged status Not for loan Home library Current library Shelving location Date acquired Source of acquisition Total Checkouts Full call number Barcode Date last seen Koha item type
    Lost_In_Inventory_11-6-2024     Central Library Central Library Lower Floor 27/07/2006 Purchase   005.8 PAL 000003814 15/07/2025 Book - Borrowing